Po čom ženy túžia
Podľa výskumných štúdií ženy vo vedení prispievajú k stabilite a ziskovosti spoločnosti. Podiel žien vo vrcholovom manažmente najväčších slovenských firiem.
Salvato in:
| Natura: | Capitolo di libro |
|---|---|
| Lingua: | slovacco |
| Soggetti: | |
| Tags: |
Nessun Tag, puoi essere il primo ad aggiungerne!!
|
MARC
| LEADER | 00000naa a2200000 4500 | ||
|---|---|---|---|
| 001 | 0235918 | ||
| 005 | 20221104111958.1 | ||
| 041 | 0 | |a slo | |
| 044 | |a SK | ||
| 245 | 1 | 0 | |a Po čom ženy túžia |
| 520 | |a Podľa výskumných štúdií ženy vo vedení prispievajú k stabilite a ziskovosti spoločnosti. Podiel žien vo vrcholovom manažmente najväčších slovenských firiem. | ||
| 610 | 2 | 0 | |a manažment |
| 610 | 2 | 0 | |a riadenie vrcholové |
| 610 | 2 | 0 | |a ženy |
| 610 | 2 | 0 | |a Slovensko |